The New York Times 2003 almanac : the almanac of record /
Uložené v:
| Hlavný autor: | |
|---|---|
| Médium: | Kniha |
| Jazyk: | English |
| Vydané: |
New York :
Penguin Reference Books,
2002
|
| Vydanie: | [1st ed.] |
| Témy: | |
| ISBN: |
0142001694 (brož.) |
| Fyzický popis: |
x, 998, [16] mp. : tab. ; 21 cm |
| Tagy: |
Pridať tag
Žiadne tagy, Buďte prvý kto otaguje tento záznam!
|
Titul je dostupný aj v ... 

MARC
| LEADER | 00000nam a2200000 a 4500 | ||
|---|---|---|---|
| 001 | 000000280 | ||
| 005 | 20070612095831.0 | ||
| 008 | 040219s2002 xxu j engo | ||
| 020 | |a 0142001694 (brož.) | ||
| 040 | |a SVKKK |b slo |c SVKKK |e AACR2 | ||
| 041 | 0 | |a eng | |
| 044 | |a xxu |c US | ||
| 072 | 7 | |a 050 |x Seriálové publikácie. Periodiká |2 konspekt | |
| 080 | |a 050.9"2003" |2 1997 | ||
| 080 | |a (73) |2 1997 | ||
| 080 | |a (059) |2 1997 | ||
| 245 | 0 | 0 | |a The New York Times 2003 almanac : |b the almanac of record / |c edited by John W. Wright |
| 250 | |a [1st ed.] | ||
| 260 | |a New York : |b Penguin Reference Books, |c 2002 | ||
| 300 | |a x, 998, [16] mp. : |b tab. ; |c 21 cm | ||
| 504 | |a Register | ||
| 651 | 7 | |a Spojené štáty americké |2 SVKKKPH | |
| 655 | 7 | |a almanachy |2 SVKKKPH | |
| 700 | 1 | |a Wright, John W. |4 adp | |
| 919 | |a 0-14-200169-4 | ||
| 998 | |a BK | ||
| 090 | |g SCKHL |k Sklad Pribinova 2. posch. |a III.196236 |j 959700 |i 2720020475 |s Absenčne | ||